|
|
|
|
| LEADER |
02073nam a2200553 i 4500 |
| 001 |
nkc20182979235 |
| 003 |
CZ PrNK |
| 005 |
20191203115658.0 |
| 007 |
ta |
| 008 |
180208s2019 xr f 001 0 cze |
| 015 |
|
|
|a cnb002979235
|
| 020 |
|
|
|a 978-80-7552-695-3
|q (vázáno)
|
| 035 |
|
|
|a (OCoLC)1130285807
|
| 040 |
|
|
|a OLA001
|b cze
|e rda
|
| 041 |
0 |
|
|a cze
|b eng
|b fre
|
| 072 |
|
7 |
|a 321
|x Politologie
|2 Konspekt
|9 15
|
| 080 |
|
|
|a 321.01
|2 MRF
|
| 080 |
|
|
|a 321.727+342.37
|2 MRF
|
| 080 |
|
|
|a (048.8:082)
|2 MRF
|
| 100 |
1 |
|
|a Reschová, Jana,
|d 1956-
|7 jo20010080834
|4 aut
|
| 245 |
1 |
0 |
|a Státověda :
|b stát, jednotlivec, konstitucionalismus /
|c Jana Reschová, Miluše Kindlová, Jan Grinc, Ondřej Preuss, Marek Antoš
|
| 250 |
|
|
|a Vydání první
|
| 264 |
|
1 |
|a Praha :
|b Wolters Kluwer,
|c 2019
|
| 300 |
|
|
|a xxxiii, 449 stran ;
|c 24 cm
|
| 336 |
|
|
|a text
|b txt
|2 rdacontent
|
| 337 |
|
|
|a bez média
|b n
|2 rdamedia
|
| 338 |
|
|
|a svazek
|b nc
|2 rdacarrier
|
| 490 |
1 |
|
|a Právní monografie
|
| 504 |
|
|
|a Obsahuje bibliografii, bibliografické odkazy a rejstřík
|
| 546 |
|
|
|a Anglické a francouzské resumé
|
| 650 |
0 |
7 |
|a stát
|7 ph126176
|2 czenas
|
| 650 |
0 |
7 |
|a státověda
|7 ph116312
|2 czenas
|
| 650 |
0 |
7 |
|a konstitucionalismus
|7 ph121806
|2 czenas
|
| 650 |
0 |
9 |
|a State, The
|2 eczenas
|
| 650 |
0 |
9 |
|a theory of the state
|2 eczenas
|
| 650 |
0 |
9 |
|a constitutionalism
|2 eczenas
|
| 655 |
|
7 |
|a kolektivní monografie
|7 fd501537
|2 czenas
|
| 655 |
|
9 |
|a collective monographs
|2 eczenas
|
| 700 |
1 |
|
|a Kindlová, Miluše
|7 ola2010548200
|4 aut
|
| 700 |
1 |
|
|a Grinc, Jan,
|d 1985-
|7 xx0086213
|4 aut
|
| 700 |
1 |
|
|a Preuss, Ondřej,
|d 1984-
|7 kv2015883667
|4 aut
|
| 700 |
1 |
|
|a Antoš, Marek,
|d 1979-
|7 xx0008510
|4 aut
|
| 830 |
|
0 |
|a Právní monografie (Wolters Kluwer ČR)
|0 s
|
| 910 |
2 |
|
|a BOA001
|b 2-1434.727
|
| 990 |
|
|
|a BK
|
| 995 |
|
|
|a 01
|
| 991 |
|
|
|b 201911
|c NOV
|
| 996 |
6 |
|
|b 2610801828
|c 2-1434.727
|l MZK
|r Sklad / do 1 hodiny
|n 4
|p p.v.
|w 001763443
|u 000010
|a 1
|e BOA001
|j MZK50
|s P
|
| 996 |
7 |
|
|b 2610808459
|c 2-1434.727
|l Vol.výběr
|r VV 0p
|n 10
|p kup
|h 321 RES
|w 001763443
|u 000020
|a 0
|e BOA001
|j MZK50
|s A
|